01518nam a2200361 c 450000100060000000300100000600500170001600700030003300800410003602000180007704000350009504100080013008200180013808200180015610000390017424500560021325000220026926400530029130000590034433600270040333700330043033800280046350000350049150001970052650500750072352100530079865000480085165000490089965000500094894200120099899900170101095201290102759139CO-BoRNBP20250911214434.0ta210901r20202021sp a jr 000 0 spa d a9788494274732 aCO-BoRNBPbspaerdacCO-BoRNBP1 aspa04a030bG65l22304a508bG65l222 aGómez Carrizo, Pedroeaut96488613aEl libro de los porqués /cPedro Gómez Carrizo. aPrimera edición 1aBarcelona, España :bBiblok Book Export,c2022 a302 páginas :bilustraciones y fotografías a color atextobtxt2rdacontent asin mediaciónbn2rdamedia avolumenbnc2rdacarrier aContiene índice onomástico aNota en caratula: Las verdaderas respuestas, insólitas, extrañas pero indiscutibles sobre el mundo animal, los misterios científicos, las costumbres sociales y los avances tecnológicos2 aNaturaleza -- Cuerpo humano -- Animales -- Alimentos -- Vida cotidiana aRecomendado para un público mayor de 12 años07aTierravPreguntas y respuestas2lemb96488707aCienciavPreguntas y respuestas2LEMB96488807aAnimalesvPreguntas y respuestas2LEMB964889 2ddccBK c59139d59139 00102ddc40708GENaMEMAPJGAbMEMAPJGAcGENd2025-09-11l0o508 G65lpMPJG00728r2025-09-11 21:45:18tEj.1w2025-09-11yBK